LEADER 02132nam 2200481z- 450 001 9910557895603321 005 20211118 035 $a(CKB)5400000000046324 035 $a(oapen)https://directory.doabooks.org/handle/20.500.12854/74092 035 $a(oapen)doab74092 035 $a(EXLCZ)995400000000046324 100 $a20202111d2020 |y 0 101 0 $aeng 135 $aurmn|---annan 181 $ctxt$2rdacontent 182 $cc$2rdamedia 183 $acr$2rdacarrier 200 00$aNeurobehavioral Changes after Acquired Brain Injury 210 $cFrontiers Media SA$d2020 215 $a1 online resource (113 p.) 311 08$a2-88963-955-X 330 $aThis eBook is a collection of articles from a Frontiers Research Topic. Frontiers Research Topics are very popular trademarks of the Frontiers Journals Series: they are collections of at least ten articles, all centered on a particular subject. With their unique mix of varied contributions from Original Research to Review Articles, Frontiers Research Topics unify the most influential researchers, the latest key findings and historical advances in a hot research area! Find out more on how to host your own Frontiers Research Topic or contribute to one as an author by contacting the Frontiers Editorial Office: frontiersin.org/about/contact 606 $aMedicine and Nursing$2bicssc 606 $aNeurology and clinical neurophysiology$2bicssc 610 $aABI 610 $aBehavior 610 $aNeuropsychiatry 610 $aSocial Cognition 610 $aTBI 615 7$aMedicine and Nursing 615 7$aNeurology and clinical neurophysiology 700 $aSpikman$b Jacoba M$4edt$01279059 702 $aVan Der Naalt$b Joukje$4edt 702 $aNeumann$b Dawn$4edt 702 $aValentijn Milders$b Maarten$4edt 702 $aSpikman$b Jacoba M$4oth 702 $aVan Der Naalt$b Joukje$4oth 702 $aNeumann$b Dawn$4oth 702 $aValentijn Milders$b Maarten$4oth 906 $aBOOK 912 $a9910557895603321 996 $aNeurobehavioral Changes after Acquired Brain Injury$93014499 997 $aUNINA LEADER 02328oas 22007933 450 001 9910144093703321 005 20260218110404.0 011 $a2374-7641 035 $a(DE-599)ZDB2134559-4 035 $a(OCoLC)60616542 035 $a(CONSER) 2014203058 035 $a(CKB)991042728216274 035 $a(DE-599)2134559-4 035 $a(EXLCZ)99991042728216274 100 $a20050614a20039999 sy a 101 0 $aeng 135 $aurun||||||||| 181 $ctxt$2rdacontent 182 $cc$2rdamedia 183 $acr$2rdacarrier 200 00$aChildren & libraries 210 1$aChicago, Ill. :$cAmerican Library Association,$d2003- 215 $a1 online resource 300 $aRefereed/Peer-reviewed 311 08$a1542-9806 517 3 $aChildren and libraries 606 $aChildren's libraries$vPeriodicals 606 $aChildren's librarians$zUnited States$vPeriodicals 606 $aChildren's libraries$xBook selection$vPeriodicals 606 $aBibliothe?ques pour enfants$vPe?riodiques 606 $aLitte?rature de jeunesse$vPe?riodiques 606 $aChildren's librarians$2fast$3(OCoLC)fst00855780 606 $aChildren's libraries$2fast$3(OCoLC)fst00855781 606 $aChildren's libraries$xBook selection$2fast$3(OCoLC)fst00855787 607 $aUnited States$2fast 608 $aPeriodicals.$2fast 608 $aPeriodicals.$2lcgft 615 0$aChildren's libraries 615 0$aChildren's librarians 615 0$aChildren's libraries$xBook selection 615 6$aBibliothe?ques pour enfants 615 6$aLitte?rature de jeunesse 615 7$aChildren's librarians. 615 7$aChildren's libraries. 615 7$aChildren's libraries$xBook selection. 676 $a027.62 712 02$aAssociation for Library Service to Children 712 02$aAmerican Library Association 801 0$bOCLCS 801 1$bOCLCS 801 2$bCO3 801 2$bOCLCQ 801 2$bOCLCF 801 2$bOCLCO 801 2$bDLC 801 2$bUEJ 801 2$bSRU 801 2$bBWN 801 2$bIOY 801 2$bDYJ 801 2$bOCLCQ 801 2$bUAB 801 2$bCUS 801 2$bWAU 801 2$bOCLCL 906 $aJOURNAL 912 $a9910144093703321 996 $aChildren & libraries$92296744 997 $aUNINA